Ciencia y filosofía en Oxford medieval /
Guardado en:
| Autor Principal: | |
|---|---|
| Formato: | Libro |
| Idioma: | Spanish |
| Publicado: |
Buenos Aires :
Centro de investigaciones filosófico-naturales,
1977.
|
| Series: | Conferencias Cifina. 1977, 2
|
| Materias: | |
| Etiquetas: |
Agregar Etiqueta
Sin Etiquetas, Sea el primero en etiquetar este registro!
|
| LEADER | 00675nam a22002055a 4500 | ||
|---|---|---|---|
| 001 | EUN.um034232 | ||
| 003 | AR-BaUNS | ||
| 005 | 20050623122908.0 | ||
| 008 | 041125s1977####ag############000#0#spa#d | ||
| 245 | 1 | 0 | |a Ciencia y filosofía en Oxford medieval / |c Celina A. Lértora Mendoza. |
| 260 | |a Buenos Aires : |b Centro de investigaciones filosófico-naturales, |c 1977. | ||
| 300 | |a 82 p. | ||
| 490 | 0 | |a Conferencias Cifina. 1977, 2 | |
| 100 | 1 | |a Lértora Mendoza, Celina A. | |
| 082 | 0 | 4 | |a 109.063 |
| 653 | |a Stramiello, Clara | ||
| 653 | |a Aristoteles | ||
| 653 | |a Filosofia cientifica | ||
| 653 | |a Filosofia medieval | ||
| 859 | |a Ar-BaUNS |b BIB. CENTRAL - Sector C |h 109.063 |i L562 |p 104304/995 | ||
